Handbook of genetics and genomics (Record no. 2514)

MARC details
000 -LEADER
fixed length control field 00479nam a2200169Ia 4500
008 - FIXED-LENGTH DATA ELEMENTS--GENERAL INFORMATION
fixed length control field 230917s9999||||xx |||||||||||||| ||und||
020 ## - ISBN
Price USD 148.00 (RS 11150.32)
040 ## - CATALOGING SOURCE
-- 5006298
Original cataloging agency VIVEKANANDA LIBRARY
041 ## - Language
-- English
082 ## - DDC NUMBER
Classification number 576.5 M316H
100 ## - MAIN ENTRY--PERSONAL NAME
Personal name Mann, Rosanna, ed.
245 #0 - TITLE STATEMENT
Title Handbook of genetics and genomics
260 ## - PUBLICATION, DISTRIBUTION, ETC. (IMPRINT)
Place of publication, distribution, etc New York
Name of publisher, distributor, etc Callisto Reference
Date of publication, distribution, etc 2019
300 ## - PHYSICAL DESCRIPTION
Pages vii, 215 p.
500 ## - GENERAL NOTE
General note 4101 05/10/2021 IBS21/00132 12/10/2021 Main Budget
942 ## - ADDED ENTRY ELEMENTS (KOHA)
Koha item type Books
Holdings
Withdrawn status Lost status Damaged status Not for loan Location (home branch) Sublocation or collection (holding branch) Date acquired Koha issues (times borrowed) Koha full call number Accession No. Koha date last seen Koha item type
        VIVEKANANDA LIBRARY VIVEKANANDA LIBRARY 25/12/2021   576.5 M316H 392953 17/09/2023 Books
© Designed and Maintained by Vivekananda Library, MDU Rohtak